000 00423nam a2200145Ia 4500
008 210210b1966 xxu||||| |||| 00| 0 eng d
082 _a547 CONB
100 _aCONROW (Kenneth) & McDONALD (Richard N).
245 _aDeductive organic chemistry: a short course.
260 _aU S A
_bAddison-Wesley
_c1966
300 _axvii,405
650 _aDeductive Organic chemistry
690 _aOrganic Chemistry
906 _aCC00282
999 _c109201
_d109201